<?xml version="1.0" encoding="UTF-8"?>
<record
    xmlns:xsi="http://www.w3.org/2001/XMLSchema-instance"
    xsi:schemaLocation="http://www.loc.gov/MARC21/slim http://www.loc.gov/standards/marcxml/schema/MARC21slim.xsd"
    xmlns="http://www.loc.gov/MARC21/slim">

  <leader>02024nas a2200277Ia 4500</leader>
  <controlfield tag="001">R232-R2117</controlfield>
  <controlfield tag="003">IT-CnALBA</controlfield>
  <controlfield tag="008">170116c99999999xx ||||||||||||   ||und||</controlfield>
  <datafield tag="040" ind1=" " ind2=" ">
    <subfield code="a">IT-CnALBA</subfield>
    <subfield code="c">IT-CnALBA</subfield>
  </datafield>
  <datafield tag="041" ind1=" " ind2=" ">
    <subfield code="a">ITALIANO</subfield>
  </datafield>
  <datafield tag="100" ind1=" " ind2=" ">
    <subfield code="a">MARCHETTI P. OTTAVIO, SJ.</subfield>
  </datafield>
  <datafield tag="210" ind1=" " ind2=" ">
    <subfield code="a">MESSAGGERO DEL SACRO CUORE</subfield>
  </datafield>
  <datafield tag="222" ind1=" " ind2=" ">
    <subfield code="a">MESSAGGERO DEL SACRO CUORE</subfield>
  </datafield>
  <datafield tag="245" ind1=" " ind2="0">
    <subfield code="a">MESSAGGERO DEL SACRO CUORE. N. I-XII. ANNO LXVIII. 1932. ORGANO NAZIONALE DELL'APOSTOLATO DELLA PREGHIERA. </subfield>
    <subfield code="b"> ORGANO NAZIONALE DELL'APOSTOLATO DELLA PREGHIERA</subfield>
  </datafield>
  <datafield tag="250" ind1=" " ind2=" ">
    <subfield code="a">1a ed.</subfield>
  </datafield>
  <datafield tag="260" ind1=" " ind2=" ">
    <subfield code="a"> ROMA</subfield>
    <subfield code="b">MESSAGGERO DEL SACRO CUORE </subfield>
    <subfield code="c">1932</subfield>
  </datafield>
  <datafield tag="300" ind1=" " ind2=" ">
    <subfield code="a">895 p. </subfield>
  </datafield>
  <datafield tag="310" ind1=" " ind2=" ">
    <subfield code="a">MENSILE</subfield>
  </datafield>
  <datafield tag="362" ind1=" " ind2=" ">
    <subfield code="a">Fascicolo: 1-12 / Anno: 68 (1932)</subfield>
  </datafield>
  <datafield tag="500" ind1=" " ind2=" ">
    <subfield code="a">INDICE GENERALE. FRATERNIT&#xC0; UMANA. XV CENTENARIO DEL CONCILIO DI EFESO. DEVOZIONE AL SACRO CUORE NELLE LETTERE DI S. MARGHERITA MARIA ALACOQUE. VIAGGIO IN ORIENTE, TABOR. VANGELI FESTIVI, EPIFANIA. ARISTIDE LEONORI. LA BESTEMMIA, NOVELLA. VALLE D. APOSTOLI DEL SACRO CUORE. GRAZIE DEL SACRO CUORE. VOCI DI RICONOSCENZA. COMUNICAZIONI. INTENZIONE GENERALE, COSTANZA NELLA FEDE DEI CATTOLICI. BIGAZZI G. INTENZIONE MISSIONARIA, ESTINZIONE DEL COMUNISMO IN CINA. PER LE INTENZIONI DEL SANTO PADRE. ILLUSTRAZIONI E DISEGNI BIANCO E NERO NEL TESTO. </subfield>
  </datafield>
  <datafield tag="501" ind1=" " ind2=" ">
    <subfield code="a">Societ&#xE0; San Paolo EM - Piazza San Paolo, 14 - 12051 ALBA (CN)  (non commercial uses only) &#xAE; Copyright 2017</subfield>
  </datafield>
  <datafield tag="520" ind1=" " ind2=" ">
    <subfield code="a">INDICE GENERALE. FRATERNIT&#xC0; UMANA. XV CENTENARIO DEL CONCILIO DI EFESO. DEVOZIONE AL SACRO CUORE NELLE LETTERE DI S. MARGHERITA MARIA ALACOQUE. VIAGGIO IN ORIENTE, TABOR. VANGELI FESTIVI, EPIFANIA. ARISTIDE LEONORI. LA BESTEMMIA, NOVELLA. VALLE D. APOSTOLI DEL SACRO CUORE. GRAZIE DEL SACRO CUORE. VOCI DI RICONOSCENZA. COMUNICAZIONI. INTENZIONE GENERALE, COSTANZA NELLA FEDE DEI CATTOLICI. BIGAZZI G. INTENZIONE MISSIONARIA, ESTINZIONE DEL COMUNISMO IN CINA. PER LE INTENZIONI DEL SANTO PADRE. ILLUSTRAZIONI E DISEGNI BIANCO E NERO NEL TESTO. </subfield>
  </datafield>
  <datafield tag="650" ind1=" " ind2=" ">
    <subfield code="a">VITA E MISTERO DI CRISTO</subfield>
  </datafield>
  <datafield tag="942" ind1=" " ind2=" ">
    <subfield code="c">CR</subfield>
  </datafield>
  <datafield tag="957" ind1=" " ind2=" ">
    <subfield code="7">1</subfield>
  </datafield>
  <datafield tag="999" ind1=" " ind2=" ">
    <subfield code="a">12095</subfield>
    <subfield code="b">SI </subfield>
    <subfield code="g">1</subfield>
    <subfield code="c">320192</subfield>
    <subfield code="d">320192</subfield>
  </datafield>
  <datafield tag="952" ind1=" " ind2=" ">
    <subfield code="0">0</subfield>
    <subfield code="1">0</subfield>
    <subfield code="4">0</subfield>
    <subfield code="6">R_232R2117</subfield>
    <subfield code="7">1</subfield>
    <subfield code="a">ALBA</subfield>
    <subfield code="b">ALBA</subfield>
    <subfield code="d">2017-01-16</subfield>
    <subfield code="l">0</subfield>
    <subfield code="o">R232-R2117</subfield>
    <subfield code="r">2017-01-16 00:00:00</subfield>
    <subfield code="w">2017-01-16</subfield>
    <subfield code="y">CR</subfield>
    <subfield code="z">(data import: 16 gennaio 2017) - By Epidotti, Vaglietti. </subfield>
  </datafield>
</record>
